000 01021nam0a22002531 4500
001 rc\481096
005 20030616172943.1
035 _a(NLR Aleph) 005723969
090 _a7508771
_c7508771
100 _a20030616d1987 u |0rusy50 ca
101 0 _arus
102 _aRU
105 _aa |||||||||
200 1 _aМеталлические конструкции
_eМежвуз. темат. сб. науч. тр. по стр-ву и архитектуре
_fЕрев. политехн. ин-т им. К. Маркса, [Архит.-строит. фак.
_gРедкол.: А.Ф. Агалян (гл. ред.) и др.]
210 _aЕреван
_cЕрПИ
_d1987
215 _a66 с.
_cил.
_d21
320 _aБиблиогр. в конце ст.
702 1 _aАгалян
_bА. Ф.
_4340
712 0 2 _aЕреванский политехнический ин-т им. К.Маркса
_3RU\NLR\AUTH\889932925
801 0 _aRU
_bNLR
_gpsbo
801 1 _aRU
_bELAR
_2rusmarc
852 _aNLR
_j88-4/7963
942 _cBOOK
980 _aNB